000 00581cam a2200205 4500
001 329956
005 20241214081547.0
008 711216t19711972nyua b 001 0 eng
020 _a047124340X
050 0 0 _aQK867
_b.E66
082 0 0 _a581.1/335
100 1 _aEpstein, Emanuel.
245 1 0 _aMineral nutrition of plants: principles and perspectives.
260 _aNew York,
_bWiley
_c[1971, c1972]
300 _aix, 412 p.
_billus.
_c24 cm.
650 0 _aPlants
_xNutrition.
650 0 _aPlants
_xEffect of minerals on.
650 0 _aPlants
_xAssimilation.
942 _2lcc
_cBK
_n0
999 _c2188
_d2188